000 01111nam a2200265Ia 4500
003 OSt
005 20221005104748.0
006 a|||||r|||| 00| 0
007 ta
008 221004b |||||||| |||| 00| 0 hin d
020 _a9789380172767 (pbk)
024 _a27427
037 _bGift, 26/07/2016,
_cTextual
040 _aCRL
_cCRL
_bhin
041 _2hin
_ahin
082 _aV2.N5, 152Q5
100 _aप्रधान, रामचन्द्र
245 0 _aराज से स्वराज
_b भारत में उपनिवेशवाद और राष्ट्रवाद
246 _aRāj se svarāja: bhārat mean upaniveshavād aur rāṣhṭravāda
260 _aदिल्ली
_bविश्वविद्यालय हिन्दी माध्यम कार्यान्वय निदेशालय भारत
_c2015
300 _a446पृ0
_ccm.
650 _aविश्व-इतिहास
942 _hV2.N5, 152Q5
_cTEXL
_2cc
999 _c1013703
_d1013703